Logo BPK

Biblioteka

Politechniki Koszalińskiej

XIV Krajowa Konferencja Automatyki : (Rekord nr 42655)

Szczegóły MARC
000 -ETYKIETA REKORDU
podpole kontrolne o stałej długości 01414nam a2200325 i 4500
001 - NUMER KONTROLNY REKORDU
pole kontrolne bg
020 ## - MIĘDZYNARODOWY ZNORMALIZOWANY NUMER KSIĄŻKI - ISBN
ISBN 8389044609 (2 t.)
040 ## - ŹRÓDŁO KATALOGOWANIA
Instytucja, która utworzyła rekord BPK
041 0# - KOD JĘZYKA
Kod języka tekstu pol
Kod języka streszczenia lub abstraktu eng
080 ## - UNIWERSALNA KLASYFIKACJA DZIESIĘTNA - UKD
UKD 681.5:007:004.8](061)
920 ## - Międzynarodowy znormalizowany numer książki – ISBN
ISBN 83-89044-60-9 (2 t.)
008 - POLE O STAŁEJ DŁUGOŚCI - DANE KONTROLNE
podpole kontrolne o stałej długości s pl f |000 0 pol
111 2# - NAZWA IMPREZY
Nazwa imprezy Krajowa Konferencja Automatyki
Oznaczenie części/sekcji/imprezy (14 ;
Data imprezy 2002 ;
Miejsce imprezy Zielona Góra).
245 04 - TYTUŁ/ODPOWIEDZIALNOŚĆ
Tytuł XIV Krajowa Konferencja Automatyki :
Ciąg dalszy tytułu Zielona Góra 24-27 czerwca 2002.
Oznaczenie części/sekcji dzieła T. 1 /
Pozostałe elementy strefy tytułu i oznaczenia odpowiedzialności red. nauk. Zdzisław Bubnicki, Józef Korbicz ; org. Instytut Sterowania i Systemów Informatycznych Uniwersytetu Zielonogórskiego, współorg. Komitet Automatyki i Robotyki Polskiej Akademii Nauk, Polskie Stowarzyszenie Pomiarów Automatyki i Robotyki Polspar.
260 ## - STREFA ADRESU WYDAWNICZEGO
Miejsce wydania Zielona Góra :
Nazwa wydawcy/dystrybutora UZ,
Data publikacji, dystrybucji/powstania dokumentu 2002.
300 ## - STREFA OPISU FIZYCZNEGO
Objętość 622 s. :
Inne cechy fizyczne il. ;
Rozmiary 29 cm.
500 ## - UWAGI OGÓLNE
Tekst uwagi Streszcz. ang. przy ref.
504 ## - UWAGA DOTYCZĄCA BIBLIOGRAFII
Informacje o bibliografii Bibliogr. przy ref.
650 #9 - HASŁO PRZEDMIOTOWE W FORMIE NAZWY OGÓLNEJ LUB JEDNOSTKOWEJ
Nazwa ogólna lub geograficzna Automatyka
650 #9 - HASŁO PRZEDMIOTOWE W FORMIE NAZWY OGÓLNEJ LUB JEDNOSTKOWEJ
Nazwa ogólna lub geograficzna Inteligencja sztuczna
650 #9 - HASŁO PRZEDMIOTOWE W FORMIE NAZWY OGÓLNEJ LUB JEDNOSTKOWEJ
Nazwa ogólna lub geograficzna Sterowanie
Określnik ogólny automatyzacja
650 #9 - HASŁO PRZEDMIOTOWE W FORMIE NAZWY OGÓLNEJ LUB JEDNOSTKOWEJ
Nazwa ogólna lub geograficzna Systemy ekspertowe
655 ## - TERMIN INDEKSOWY - OKREŚLENIE RODZAJU/FORMY DOKUMENTU
Określenie rodzaju/formy dokumentu Materiały konferencyjne
700 1# - HASŁO DODATKOWE - NAZWA OSOBOWA
Nazwa osobowa Bubnicki, Zdzisław
Daty związane z nazwą (1938-2006).
Określenie związku między hasłem a opisywanym materiałem Red.
700 1# - HASŁO DODATKOWE - NAZWA OSOBOWA
Nazwa osobowa Korbicz, Józef.
Określenie związku między hasłem a opisywanym materiałem Red.
710 0# - HASŁO DODATKOWE - NAZWA CIAŁA ZBIOROWEGO
Nazwa ciała zbiorowego lub jednostki geograficznej Uniwersytet Zielonogórski
Nazwa jednostki podrzędnej Instytut Sterowania i Systemów Informatycznych
710 0# - HASŁO DODATKOWE - NAZWA CIAŁA ZBIOROWEGO
Nazwa ciała zbiorowego lub jednostki geograficznej Polska Akademia Nauk
Nazwa jednostki podrzędnej Komitet Automatyki i Robotyki
710 0# - HASŁO DODATKOWE - NAZWA CIAŁA ZBIOROWEGO
Nazwa ciała zbiorowego lub jednostki geograficznej Polskie Stowarzyszenie Pomiarów, Automatyki i Robotyki POLSPAR
856 ## - LOKALIZACJA I DOSTĘP DO ELEKTRONICZNYCH DOKUMENTÓW ZDALNYCH
Link (URL) http://koha.tu.koszalin.pl/cgi-bin/koha/opac-detail.pl?biblionumber=42655
Tekst linku Katalog online BPK
942 ## - DODATKOWE ELEMENTY (KOHA)
Typ dokumentu Książka
Egzemplarze
Wycofany Status egzemplarza Uszkodzony Dostępność Lokalizacja stała Lokalizacja bieżąca Miejsce przechowywania Sygnatura Kod kreskowy Typ dokumentu
      Dostępny Biblioteka Politechniki Koszalińskiej Biblioteka Politechniki Koszalińskiej Wypożyczalnia BG 67046 09105690 Książka
© 2023 Biblioteka Politechniki Koszalińskiej :: KOHA